Quiz o Chorzowie - Statystyki

Ogólne statystyki
  • Ten quiz został rozwiązany 38 razy
  • Średni wynik to 11 z 15
Statystyki odpowiedzi
Pytanie Odpowiedź % Poprawnych
Najludniejsze miasto, z którym Chorzów graniczy: Katowice
97%
Tablice rejestracyjne: SH
97%
Największy rywal tego klubu: {Górnik} Zabrze
94%
Nazwa największego Chorzowskiego parku, zwanego też "Zielonymi płucami Górnego Śląska": Park {Śląski}
94%
Najsłynniejszy klub piłkarski z tego miasta: {Ruch} Chorzów
94%
Nazwa drugiego największego stadionu w Polsce znajdującego się w Chorzowie: Stadion {Śląski}
94%
Ile zdobyli mistrzostw Polski w piłce nożnej? 14
91%
W jakim leży województwie? Śląskie
88%
Wyżyna, na której leży to miasto: Wyżyna {Śląska}
75%
Aglomeracja, w której leży Chorzów: Konurbacja {Górnośląska}
72%
Jak się nazywa najdłuższa rzeka w mieście? Rawa
66%
Jak się nazywa aktualny prezydent Chorzowa? Szymon Michałek
50%
Jaki jest numer kierunkowy w tym mieście? 32
25%
Droga krajowa przebiegająca przez Chorzów: 79
16%
W którym roku Chorzów uzyskał prawa miejskie? 1868
6%
Nie znaleziono quizów pasujących do podanych kryteriów
Rozkład punktacji
Procent ludzi z każdym wynikiem
Percentyl według liczby udzielonych odpowiedzi
Twoja historia wyników
Nie rozwiązałeś tego quizu